Responses for Show #3317 - Tuesday, January 26, 1999

Contestants

[<< previous game]

Alex Huemer, an economics instructor from Claremont, California

Tonya Duus, a radio traffic manager from Cleveland, Ohio

Zach Biggs, a market researcher from Eugene, Oregon (whose 1-day cash winnings total $9,190)

[next game >>]

Jeopardy! Round responses

JEOPARDY! 101
NOBEL WINNERS BY CATEGORY
WOW! MY OWN LABEL!
WHAT A YEAR!
ACTORS & ACTRESSES
BEFORE & AFTER
    $100 6
Sony Pictures Studios

Alex
    $100 16
Peace

Tonya
    $100 17
Elton John

Zach
    $100 1
(Alex Huemer: What is 1987?)
(Tonya: What is 1927?)
(Zach: What is 1933?)

1929

ZachTonyaAlex
Triple Stumper
    $100 11
Ted Danson

Zach
    $100 26
Tom Cruise control

Tonya
    $200 7
Art Fleming

Tonya
    $200 19
Literature

Triple Stumper
    $200 18
Apple

Alex
    $200 2
1941

Zach
    $200 12
Michael Landon

Zach
    $200 27
La-Z-Boy Scout

Tonya
    $300 8
(Tonya: What is $183,000?)
...
(Alex Trebek: That's assuming you ring in and respond correctly with every clue and you hit the Daily Doubles at the very end of each round and you risk everything, every time--it hasn't happened yet!)

$283,000

Tonya
Triple Stumper
    $300 20
(Zach: What is chemistry?)

Medicine

ZachAlex
    $300 22
Frank Sinatra

Tonya
    $500 3
(Zach: What is 1961?)

1963

Zach
    $300 13
Brooke Shields

Tonya
    $300 28
Ben-Gay Paris

Triple Stumper
    $400 9
61

Tonya
    $400 21
Physics

Zach
    $400 23
Madonna

Alex
    $400 4
1954

Triple Stumper
    $400 14
(Tonya: What is "T.J. Hooker"?)

Sunset Beach

Tonya
Triple Stumper
    $400 29
(Alex Huemer: Who is Carmen Miranda Brandeis?)

Carmen Miranda rights

TonyaAlex
    $500 10
Ontario

Zach
    $500 24
(Alex Trebek: Less than a minute to go.)

Chemistry

Alex
    $500 25
Prince

Zach
    $500 5
1901

Alex
    $500 15
Audrey Hepburn

Alex
    $500 30
(Alex Trebek: [Flips marking pen] Okay, we're out of here!)

"Heart Like A Wheel Of Fortune"

Triple Stumper

Scores at the first commercial break (after clue 12):

Zach Tonya Alex
$400 $200 $500

Scores at the end of the Jeopardy! Round:

Zach Tonya Alex
$1,100 $1,200 $2,000

Double Jeopardy! Round responses

LATIN AMERICAN LITERATURE
EERIE TV ANTHOLOGIES
THE METRIC SYSTEM
HERBS & SPICES
STRAIT-EN UP
"FLY" RIGHT
    $200 26
Gabriel Garcia Marquez

Triple Stumper
    $200 6
Alfred Hitchcock

Tonya
    $200 21
Temperature

Alex
    $200 12
Paprika

Zach
    $200 11
Japan

Tonya
    $200 1
Fly speck

Zach
    $400 27
Pablo Neruda

Triple Stumper
    $400 7
(Tonya: What is "The Twilight Zone"?)

Night Gallery

TonyaAlex
    $400 22
Kilometers

Alex
    $400 17
Curry powder

Tonya
    $400 13
(Tonya: What is the English Channel?)
(Alex Trebek: Be more specific.)
(Tonya: [no response])

Strait of Dover/ The Dover Strait

ZachTonya
    $400 2
Venus flytrap

Zach
    $600 28
[The end-of-round signal sounds.]

Isabel Allende

Zach
    $600 8
(Tonya: Who is Vincent Price?)
(Alex Huemer: Who is Wolfman Jack?)

Boris Karloff

TonyaAlex
Triple Stumper
    $600 23
Liter

Tonya
    $600 18
Rosemary

Triple Stumper
    $1,000 14
Strait of Magellan

Zach
    $600 3
Fly-by-night

Tonya
    $800 9
Ray Bradbury

Zach
    $800 24
(Alex Trebek: We have a minute left, Alex.)

Nano

Alex
    $800 19
Vanilla

Tonya
    $800 15
(Zach: What is Prince Edward Island?)

Vancouver Island

Zach
Triple Stumper
    $800 4
Marty McFly

Zach
    $1000 10
One step

Zach
    $3,200 25
Mass

Alex
    $1000 20
Tarragon

Zach
    $1000 16
Strait of Messina

Triple Stumper
    $1000 5
Flying Tigers

Zach

Scores at the end of the Double Jeopardy! Round:

Zach Tonya Alex
$7,700 $2,600 $6,400

[wagering suggestions for these scores]

Final Jeopardy! Round responses

BROADWAY MUSICALS
TonyaWhat is Chicago?
$200
AlexWhat is Jailhouse Rock
$1,350
ZachWhat is
$5,101
Chicago

Final scores:

Zach Tonya Alex
$2,599 $2,800 $5,050
3rd place: DirecTV Satellite System 2nd place: HP Pavilion Multimedia Desktop PC & Broyhill Home Office Armoire New champion: $5,050

Game dynamics:

Coryat scores:

Zach Tonya Alex
$7,800 $2,600 $4,200
18 R
(including 1 DD),
4 W
(including 1 DD)
14 R,
6 W
12 R
(including 1 DD),
3 W

Combined Coryat: $14,600

[game clues] [game scores] [suggest correction]

Game tape date: 1998-11-18
The J! Archive is created by fans, for fans. Scraping, republication, monetization, and malicious use prohibited; this site may use cookies and collect identifying information. See terms. The Jeopardy! game show and all elements thereof, including but not limited to copyright and trademark thereto, are the property of Jeopardy Productions, Inc. and are protected under law. This website is not affiliated with, sponsored by, or operated by Jeopardy Productions, Inc. Join the discussion at JBoard.tv.